| 000 | 01021 a2200217 4500 | ||
|---|---|---|---|
| 001 | 16056 | ||
| 005 | 20260407155454.0 | ||
| 008 | 260407a2006 arg spa d | ||
| 003 | AR-UNSa-BCEJYS | ||
| 040 |
_aAR-UNSa-BCEJYS _bspa _cAR-UNSa-BCEJYS |
||
| 080 |
_a657 _xContabilidad |
||
| 245 | 1 | 0 | _aNormas contables profesionales de la FACPCE, el CPCECABA, la CNV y la IGJ |
| 020 | _a978-987-03-0855-3 | ||
| 264 | 1 |
_aBuenos Aires : _bLa Ley _c2006 |
|
| 300 |
_axli, 437 p. _c24 cm. |
||
| 505 | _a1. Cuestiones generales - 2. El marco conceptual - 3. Normas generales - 4. Reconocimiento y medición contable en general - 5. Reconocimiento y medición contable en particular - 6. Métodos contables - 7. Contenido y forma de los estados contables | ||
| 942 | _cBK | ||
| 590 | _aniveau_biblio:m niveau_hierar:0 | ||
| 100 | 1 | _aFowler Newton, Enrique | |
| 856 | 4 | 1 |
_uhttps://biblioeco.unsa.edu.ar/pmb/images/libros/Normas contables profesionales de la FACPCE, el CPCECABA la CNV y la IGJ-l116113.jpg _yImagen de portada _qimage/jpeg |
| 999 |
_c689 _d689 |
||